| 000 | 00468pab a2200181 454500 | ||
|---|---|---|---|
| 008 | 180718b2011 xxu||||| |||| 00| 0 eng d | ||
| 100 | _aRajeev, Meenakshi | ||
| 245 | _aCredibility of equal access to credit: Does gender matter? (Notes) | ||
| 260 | _c2011 | ||
| 300 | _ap.76-79. | ||
| 362 | _a13 Aug | ||
| 650 | _aCredit | ||
| 700 | _aBhattacharjee, Manojit | ||
| 700 | _aVani, B.P. | ||
| 773 | _aEconomic and Political Weekly | ||
| 908 | _aN | ||
| 909 | _a92693 | ||
| 999 |
_c92693 _d92693 |
||